000 00569nmm a2200181Ia 4500
008 251105s9999||||xx |||||||||||||||||und||
041 _aspa
100 _aQuezadas, Juan Carlos
245 0 _aLos osos hibernan soñando que son lagartijas
264 _a[México D.C., Mexico] :
_bFondo de Cultura Económica,
_c2015
300 _a96 páginas
490 _aA la Orilla del Viento
650 _aAges 9-12 Years Old
700 _aQuezadas, Juan Carlos
700 1 _a Zela Vázquez, Richard
856 _uhttps://public.digitaliapublishing.com/a/64773
942 _cCF
999 _c70266
_d70266